<?xml version="1.0" encoding="UTF-8"?><?xml-stylesheet type="text/xsl" href="static/style.xsl"?><OAI-PMH xmlns="http://www.openarchives.org/OAI/2.0/" xmlns:xsi="http://www.w3.org/2001/XMLSchema-instance" xsi:schemaLocation="http://www.openarchives.org/OAI/2.0/ http://www.openarchives.org/OAI/2.0/OAI-PMH.xsd"><responseDate>2026-04-14T02:40:02Z</responseDate><request verb="GetRecord" identifier="oai:www.recercat.cat:10459.1/468929" metadataPrefix="marc">https://recercat.cat/oai/request</request><GetRecord><record><header><identifier>oai:recercat.cat:10459.1/468929</identifier><datestamp>2025-11-03T19:38:36Z</datestamp><setSpec>com_2072_3622</setSpec><setSpec>col_2072_479130</setSpec></header><metadata><record xmlns="http://www.loc.gov/MARC21/slim" xmlns:dcterms="http://purl.org/dc/terms/" xmlns:xsi="http://www.w3.org/2001/XMLSchema-instance" xmlns:doc="http://www.lyncode.com/xoai" xsi:schemaLocation="http://www.loc.gov/MARC21/slim http://www.loc.gov/standards/marcxml/schema/MARC21slim.xsd">
   <leader>00925njm 22002777a 4500</leader>
   <datafield ind2=" " ind1=" " tag="042">
      <subfield code="a">dc</subfield>
   </datafield>
   <datafield ind2=" " ind1=" " tag="720">
      <subfield code="a">Vaquer Aloy, Antoni</subfield>
      <subfield code="e">author</subfield>
   </datafield>
   <datafield ind2=" " ind1=" " tag="260">
      <subfield code="c">2024</subfield>
   </datafield>
   <datafield ind2=" " ind1=" " tag="520">
      <subfield code="a">Al hilo de la Resolución de la Dirección General de Seguridad Jurídica y Fe Pública de 15 de enero de 2024, se analiza si cabe la desheredación de legitimarios menores de edad. Se defiende que es preciso un análisis específico de cada una de las diversas causas de desheredación. Como consecuencia de ello, se concluye que los menores de edad pueden incurrir en algunas de las causas si tienen la edad para ser imputables penalmente y suficiente capacidad de discernimiento para valorar su conducta y las consecuencias que resultan de ella. Específicamente en relación con el maltrato psicológico y la falta de relación familiar continuada y manifiesta como causa de desheredación, el hecho de que se requiera un lapso de tiempo en que quede acreditada dicha falta de relación familiar impide usualmente que la desheredación pueda estimarse justa.</subfield>
   </datafield>
   <datafield ind1="8" ind2=" " tag="024">
      <subfield code="a">http://hdl.handle.net/10459.1/468929</subfield>
   </datafield>
   <datafield tag="653" ind2=" " ind1=" ">
      <subfield code="a">Legítima</subfield>
   </datafield>
   <datafield tag="653" ind2=" " ind1=" ">
      <subfield code="a">Desheredación</subfield>
   </datafield>
   <datafield tag="653" ind2=" " ind1=" ">
      <subfield code="a">Menores de edad</subfield>
   </datafield>
   <datafield ind2="0" ind1="0" tag="245">
      <subfield code="a">La desheredación de los legitimarios menores de edad (a propósito de la RDGSJFP de 15 de enero de 2024)</subfield>
   </datafield>
   <datafield ind2="0" ind1="0" tag="245">
      <subfield code="a">Disinheritance of minors of age (Comment on the RDGSGFP of 15 March 2024)</subfield>
   </datafield>
</record></metadata></record></GetRecord></OAI-PMH>